| 000 | 00903nam a2200229 i 4500 | ||
|---|---|---|---|
| 001 | 171168 | ||
| 003 | ES-MaACL | ||
| 005 | 20250808062752.0 | ||
| 008 | 090504s1959 sp |||| | spa d | ||
| 080 | _a252 | ||
| 245 | 0 | 3 |
_aLa palabra de Cristo : _brepertorio orgánico de textos para el estudio de la homilías dominicales y festivas. _nX / _celaborado por una comisión de autores bajo la dirección de Mons. Ángel Herrera Oria. |
| 260 |
_aMadrid : _bLa Editorial Católica, _c1959. |
||
| 300 |
_aXXIII, 1188 p. ; _c20 cm. |
||
| 490 | 1 |
_aBiblioteca de autores cristianos ; _v183 |
|
| 505 | 8 | _aContiene: Fiestas (2º) | |
| 594 | _aPrecede al tít.: Verbum vitae | ||
| 650 | 4 |
_aSermones para el año litúrgico. _917056 |
|
| 700 | 1 |
_aHerrera Oria, Ángel, _d1886-1968 _963232 |
|
| 830 | 1 | 0 |
_aBiblioteca de autores cristianos _v183 _9178679 |
| 852 | 4 |
_aES-MaACL _jJ-179 |
|
| 999 |
_c171168 _d171168 |
||